[Event "ISR-chT"]
[Site "Israel"]
[Date "2022.02.12"]
[Round "6.6"]
[White "Botvinnik, Ilia"]
[Black "Kobo, Ori"]
[Result "1/2-1/2"]
[WhiteElo "2343"]
[BlackElo "2516"]
[PlyCount "83"]
[EventDate "2022.01.14"]
[EventType "team-tourn"]
[EventRounds "11"]
[EventCountry "ISR"]
[SourceTitle "EXT 2023"]
[Source "ChessBase"]
[SourceDate "2022.10.05"]
[SourceVersion "1"]
[SourceVersionDate "2022.10.05"]
[SourceQuality "1"]
[WhiteTeam "Kfar Saba"]
[BlackTeam "Beer Sheva"]
[WhiteTeamCountry "ISR"]
[BlackTeamCountry "ISR"]

1. e4 c5 2. Nf3 d6 3. d4 cxd4 4. Nxd4 Nf6 5. Nc3 Nc6 6. Be2 e5 7. Nf3 Be7 8. 0-0 h6 9. Re1 0-0 10. h3 Be6 11. Bf1 Rc8 12. Nd5 Nb8 13. c4 Na6 14. Nd2 Nd7 15. a3 Bg5 16. Nf3 Bxc1 17. Rxc1 Nc7 18. Bd3 Nf6 19. Nd2 Bd7 20. Nxc7 Qxc7 21. Nf1 a5 22. Ne3 Qb6 23. Qd2 Be6 24. b4 axb4 25. axb4 Ra8 26. c5 dxc5 27. bxc5 Qc7 28. Qb2 Ra5 29. Bc4 Bxc4 30. Rxc4 Rxc5 31. Rxc5 Qxc5 32. Qxb7 Rd8 33. Nf1 Nh5 34. g3 Nf6 35. Kg2 Qc3 36. Qb1 Kh7 37. Qa1 Qxa1 38. Rxa1 Nxe4 39. Re1 Rd4 40. f3 Ng5 41. h4 Ne6 42. Rxe5 1/2-1/2

[Event "EU-Cup 28th"]
[Site "Eilat"]
[Date "2012.10.14"]
[Round "4.4"]
[White "Stojcevski, Zoran"]
[Black "Botvinnik, Ilia"]
[Result "1-0"]
[WhiteElo "2325"]
[BlackElo "2372"]
[PlyCount "55"]
[EventDate "2012.10.11"]
[EventType "team-swiss"]
[EventRounds "7"]
[EventCountry "ISR"]
[SourceTitle "CBM 151"]
[Source "ChessBase"]
[SourceDate "2012.11.13"]
[SourceVersion "1"]
[SourceVersionDate "2012.11.13"]
[SourceQuality "1"]
[WhiteTeam "Gambit Asseco See"]
[BlackTeam "Petah Tikva"]
[WhiteTeamCountry "MKD"]
[BlackTeamCountry "ISR"]

1. e4 c5 2. Nf3 d6 3. d4 cxd4 4. Nxd4 Nf6 5. Bd3 Nc6 6. Nxc6 bxc6 7. 0-0 g6 8. b3 Bg7 9. Bb2 0-0 10. Nd2 a5 11. a4 Ba6 12. Bxa6 Rxa6 13. Qe2 Ra8 14. Rad1 d5 15. Ba3 dxe4 16. Nxe4 Qc7 17. Nxf6+ Bxf6 18. Rd3 Rfd8 19. Rfd1 Rxd3 20. Qxd3 e6 21. g3 Rd8 22. Qf3 Rxd1+ 23. Qxd1 Qe5 24. Qd6 Qxd6 25. Bxd6 Bc3 26. b4 axb4 27. Bc5 f6 28. Bb6 1-0

[Event "ISR-chT 1112"]
[Site "Israel"]
[Date "2012.01.06"]
[Round "5.3"]
[White "Botvinnik, Ilia"]
[Black "Porat, Maya"]
[Result "1/2-1/2"]
[WhiteElo "2369"]
[BlackElo "2299"]
[PlyCount "48"]
[EventDate "2011.12.16"]
[EventType "team-tourn"]
[EventRounds "11"]
[EventCountry "ISR"]
[SourceTitle "EXT 2013"]
[Source "ChessBase"]
[SourceDate "2012.11.22"]
[SourceVersion "1"]
[SourceVersionDate "2012.11.22"]
[SourceQuality "1"]

1. Nf3 Nf6 2. c4 e6 3. Nc3 c5 4. g3 b6 5. Bg2 Bb7 6. 0-0 Be7 7. Re1 d5 8. cxd5 Nxd5 9. e4 Nb4 10. d4 cxd4 11. Nxd4 N8c6 12. Be3 0-0 13. Nxc6 Bxc6 14. Qb3 Qc7 15. Red1 Rfd8 16. a3 Na6 17. Qc4 Bb7 18. Qe2 Rac8 19. Nb5 Qb8 20. b4 Nc7 21. Nd4 Qa8 22. f3 Bf6 23. a4 Na6 24. Rab1 Rd7 1/2-1/2

[Event "ISR-chT 1112"]
[Site "Israel"]
[Date "2011.12.16"]
[Round "1.4"]
[White "Botvinnik, Ilia"]
[Black "Golod, Vitali"]
[Result "1-0"]
[WhiteElo "2369"]
[BlackElo "2570"]
[PlyCount "67"]
[EventDate "2011.12.16"]
[EventType "team-tourn"]
[EventRounds "11"]
[EventCountry "ISR"]
[SourceTitle "EXT 2013"]
[Source "ChessBase"]
[SourceDate "2012.11.22"]
[SourceVersion "1"]
[SourceVersionDate "2012.11.22"]
[SourceQuality "1"]

1. d4 d5 2. c4 dxc4 3. e3 e5 4. Bxc4 exd4 5. exd4 Nf6 6. Nf3 Bd6 7. 0-0 0-0 8. Nc3 Nc6 9. h3 Bf5 10. Bg5 h6 11. Bh4 g5 12. Bg3 Bxg3 13. fxg3 Ne4 14. Nxe4 Bxe4 15. Ne5 Nxe5 16. dxe5 b5 17. Bb3 Bd3 18. Rf6 Qd4+ 19. Kh2 Qxe5 20. Rxf7 Bc4 21. Bxc4 bxc4 22. Rxf8+ Rxf8 23. Qc2 Kg7 24. Qxc4 Qxb2 25. Re1 Rf7 26. Re6 Qa1 27. Qc2 Kf8 28. Rxh6 Rf1 29. Qc5+ Kg7 30. Qxg5+ Kf7 31. Rh7+ Ke6 32. Qe7+ Kd5 33. Qd7+ Kc4 34. Qxc7+ 1-0

[Event "ISR-chT 1011"]
[Site "Israel"]
[Date "2011.06.10"]
[Round "11.4"]
[White "Botvinnik, Ilia"]
[Black "Postny, Evgeny"]
[Result "1/2-1/2"]
[WhiteElo "2369"]
[BlackElo "2592"]
[PlyCount "67"]
[EventDate "2010.12.24"]
[EventType "team-tourn"]
[EventRounds "11"]
[EventCountry "ISR"]
[SourceTitle "EXT 2012"]
[Source "ChessBase"]
[SourceDate "2011.11.24"]
[SourceVersion "1"]
[SourceVersionDate "2011.11.24"]
[SourceQuality "1"]
[WhiteTeam "Petah Tikva Hapoel"]
[BlackTeam "Beer Sheva"]
[WhiteTeamCountry "ISR"]
[BlackTeamCountry "ISR"]

1. d4 Nf6 2. c4 e6 3. Nf3 b6 4. a3 Ba6 5. e3 d5 6. Nbd2 c5 7. dxc5 bxc5 8. Qa4+ Qd7 9. Qc2 Bb7 10. Bd3 Be7 11. 0-0 0-0 12. b3 Nc6 13. cxd5 exd5 14. Bb2 h6 15. Rab1 d4 16. Bf5 Qd8 17. Rfd1 dxe3 18. fxe3 Qc7 19. Ne4 Rad8 20. Nxf6+ gxf6 21. Qc4 Rxd1+ 22. Rxd1 Rd8 23. Rf1 Bc8 24. Qg4+ Kf8 25. Bxc8 Qxc8 26. Qh5 Qe6 27. Qxh6+ Ke8 28. b4 cxb4 29. axb4 f5 30. Qxe6 fxe6 31. b5 Nb4 32. Nd4 Kf7 33. Ba3 Bg5 34. Nxf5 1/2-1/2

[Event "ISR-chT 1011"]
[Site "Israel"]
[Date "2011.03.04"]
[Round "3.4"]
[White "Finkel, Alexander"]
[Black "Botvinnik, Ilia"]
[Result "1-0"]
[WhiteElo "2476"]
[BlackElo "2369"]
[PlyCount "85"]
[EventDate "2010.12.24"]
[EventType "team-tourn"]
[EventRounds "11"]
[EventCountry "ISR"]
[SourceTitle "EXT 2012"]
[Source "ChessBase"]
[SourceDate "2011.11.24"]
[SourceVersion "1"]
[SourceVersionDate "2011.11.24"]
[SourceQuality "1"]
[WhiteTeam "Tel Aviv Shlomo Har Zvi"]
[BlackTeam "Petah Tikva Hapoel"]
[WhiteTeamCountry "ISR"]
[BlackTeamCountry "ISR"]

1. e4 e6 2. d4 d5 3. Nc3 Nc6 4. Nf3 Nf6 5. e5 Ne4 6. Bd3 Bb4 7. Bd2 Nxd2 8. Qxd2 Bd7 9. a3 Bf8 10. 0-0 g6 11. Nd1 Bg7 12. Ne3 Ne7 13. Rfe1 a5 14. Ng4 Nf5 15. Qf4 h5 16. Nf6+ Kf8 17. Rad1 Bc6 18. h3 Bxf6 19. exf6 Qxf6 20. Bxf5 gxf5 21. Qxc7 h4 22. Rd3 Rh7 23. Rc3 Kg8 24. Ree3 Kh8 25. Kh2 Rg8 26. Qf4 a4 27. Rc5 Qh6 28. Qxh6 Rxh6 29. b4 axb3 30. cxb3 Kg7 31. a4 Kf6 32. a5 Ke7 33. b4 f6 34. b5 Bd7 35. Rxd5 Ra8 36. b6 Bc6 37. Rxf5 Kd6 38. Rc5 Rg8 39. Rc1 Rhg6 40. Nxh4 Rxg2+ 41. Nxg2 Rxg2+ 42. Kh1 Bd5 43. f3 1-0

[Event "ISR-chT 0809"]
[Site "Israel"]
[Date "2009.05.15"]
[Round "9"]
[White "Botvinnik, Ilia"]
[Black "Bruk, Ofer"]
[Result "1/2-1/2"]
[WhiteElo "2363"]
[BlackElo "2456"]
[PlyCount "28"]
[EventDate "2008.12.12"]
[EventType "team-tourn"]
[EventRounds "11"]
[EventCountry "ISR"]
[SourceTitle "EXT 2010"]
[Source "ChessBase"]
[SourceDate "2010.11.25"]
[SourceVersion "1"]
[SourceVersionDate "2010.11.25"]
[SourceQuality "1"]

1. d4 Nf6 2. Nf3 e6 3. c4 b6 4. a3 Bb7 5. Nc3 d5 6. Bg5 Be7 7. e3 0-0 8. cxd5 Nxd5 9. Bxe7 Qxe7 10. Nxd5 Bxd5 11. Rc1 c5 12. dxc5 bxc5 13. Bd3 Nd7 14. e4 Bb7 1/2-1/2

[Event "ISR-chT 0809"]
[Site "Israel"]
[Date "2009.01.09"]
[Round "5"]
[White "Botvinnik, Ilia"]
[Black "Sidorenko, Ilya"]
[Result "1/2-1/2"]
[WhiteElo "2363"]
[BlackElo "2370"]
[PlyCount "42"]
[EventDate "2008.12.12"]
[EventType "team-tourn"]
[EventRounds "11"]
[EventCountry "ISR"]
[SourceTitle "EXT 2010"]
[Source "ChessBase"]
[SourceDate "2010.11.25"]
[SourceVersion "1"]
[SourceVersionDate "2010.11.25"]
[SourceQuality "1"]

1. d4 Nf6 2. Nf3 g6 3. Bf4 Bg7 4. e3 0-0 5. h3 c5 6. c3 Qb6 7. Qb3 Qxb3 8. axb3 cxd4 9. exd4 d6 10. Nbd2 Nbd7 11. Nc4 b6 12. Be2 Bb7 13. 0-0 Rfe8 14. Rfe1 h6 15. Bh2 Ne4 16. Nfd2 d5 17. Nxe4 dxe4 18. Nd2 a6 19. f3 exf3 20. Bxf3 Bxf3 21. Nxf3 e6 1/2-1/2

[Event "ISR-chT 08"]
[Site "Israel"]
[Date "2008.03.28"]
[Round "4.4"]
[White "Golod, Vitali"]
[Black "Botvinnik, Ilia"]
[Result "1/2-1/2"]
[WhiteElo "2606"]
[BlackElo "2372"]
[PlyCount "96"]
[EventDate "2007.12.26"]
[EventType "team-tourn"]
[EventRounds "11"]
[EventCountry "ISR"]
[SourceTitle "EXT 2009"]
[Source "ChessBase"]
[SourceDate "2008.11.26"]
[SourceVersion "1"]
[SourceVersionDate "2008.11.26"]
[SourceQuality "1"]
[WhiteTeam "Ashdod"]
[BlackTeam "Petah Tikva Hapoel"]
[WhiteTeamCountry "ISR"]
[BlackTeamCountry "ISR"]

1. d4 e6 2. c4 Nf6 3. Nc3 Bb4 4. Qc2 0-0 5. a3 Bxc3+ 6. Qxc3 d6 7. f3 c5 8. dxc5 dxc5 9. Nh3 Nc6 10. Nf2 e5 11. e3 e4 12. f4 Ng4 13. h3 Nxf2 14. Kxf2 f5 15. b4 Be6 16. Bb2 Qe7 17. b5 Nb8 18. Be2 Nd7 19. Rhd1 Rfd8 20. a4 Nf6 21. Qe5 Kf8 22. a5 Nd7 23. Qc3 Nf6 24. Ke1 Qc7 25. Qa3 Kf7 26. Be5 Qe7 27. g3 Rd7 28. Rxd7 Nxd7 29. Bb2 Nf6 30. Rd1 Ke8 31. Be5 Rd8 32. Rxd8+ Kxd8 33. Bb8 a6 34. Qb2 Nd7 35. bxa6 bxa6 36. Qb7 Nxb8 37. Qxb8+ Bc8 38. Qb2 Qf6 39. Qxf6+ gxf6 40. g4 Ke7 41. g5 Be6 42. h4 Kf7 43. h5 h6 44. g6+ Kf8 45. Kd2 Bd7 46. Bd1 Kg7 47. Kc3 Kf8 48. Kb2 Kg7 1/2-1/2

[Event "Tel Aviv Summer"]
[Site "Tel Aviv"]
[Date "2003.07.28"]
[Round "8"]
[White "Haimovich, Tal"]
[Black "Botvinnik, Ilia"]
[Result "1-0"]
[WhiteElo "2333"]
[BlackElo "2389"]
[PlyCount "55"]
[EventDate "2003.07.20"]
[EventType "tourn"]
[EventRounds "11"]
[EventCountry "ISR"]
[EventCategory "4"]
[SourceTitle "CBM 095 Extra"]
[Source "ChessBase"]
[SourceDate "2003.09.04"]
[SourceVersion "1"]
[SourceVersionDate "2003.09.04"]
[SourceQuality "1"]

1. e4 c5 2. Nf3 e6 3. Nc3 a6 4. d4 cxd4 5. Nxd4 b5 6. Bd3 Qb6 7. Nf3 Nc6 8. 0-0 Nge7 9. Re1 d6 10. Be3 Qb8 11. a4 b4 12. Ne2 g6 13. Qd2 Bg7 14. Bh6 0-0 15. Rad1 Ne5 16. Nxe5 dxe5 17. Ng3 Bxh6 18. Qxh6 Qc7 19. h4 f6 20. Nf1 Nc6 21. Ne3 Bb7 22. Bc4 Rae8 23. Rd2 Bc8 24. Red1 Nd8 25. Ng4 Qxc4 26. Rd7 Bxd7 27. Rxd7 Rf7 28. Nxf6+ 1-0

[Event "Tel Aviv Summer"]
[Site "Tel Aviv"]
[Date "2003.07.23"]
[Round "4"]
[White "Kaplan, Sasha"]
[Black "Botvinnik, Ilia"]
[Result "1/2-1/2"]
[WhiteElo "2208"]
[BlackElo "2389"]
[PlyCount "37"]
[EventDate "2003.07.20"]
[EventType "tourn"]
[EventRounds "11"]
[EventCountry "ISR"]
[EventCategory "4"]
[SourceTitle "CBM 095 Extra"]
[Source "ChessBase"]
[SourceDate "2003.09.04"]
[SourceVersion "1"]
[SourceVersionDate "2003.09.04"]
[SourceQuality "1"]

1. e4 c5 2. c3 b6 3. d4 Bb7 4. Bd3 Nf6 5. f3 cxd4 6. cxd4 Nc6 7. Ne2 Nb4 8. Bc4 Rc8 9. Qb3 e6 10. Bd2 Nc6 11. 0-0 d5 12. exd5 exd5 13. Bb5 Be7 14. Nbc3 0-0 15. Bxc6 Rxc6 16. Nf4 Rc4 17. Be3 Bd6 18. Nd3 Qb8 19. g3 1/2-1/2

[Event "ISR-chT"]
[Site "Israel"]
[Date "2003.02.01"]
[Round "3"]
[White "Bykhovsky, Avigdor"]
[Black "Botvinnik, Ilia"]
[Result "1-0"]
[WhiteElo "2472"]
[BlackElo "2431"]
[PlyCount "77"]
[EventDate "2003.01.??"]
[EventType "team"]
[EventRounds "11"]
[EventCountry "ISR"]
[SourceTitle "EXT 2004"]
[Source "ChessBase"]
[SourceDate "2003.11.25"]
[SourceVersion "1"]
[SourceVersionDate "2003.11.25"]
[SourceQuality "1"]

1. d4 d6 2. e4 Nf6 3. f3 Nbd7 4. c4 e5 5. d5 Be7 6. Be3 Nh5 7. Ne2 Bg5 8. Bf2 Bh6 9. h4 g6 10. g4 Nf4 11. g5 Bg7 12. Nbc3 h6 13. Rg1 hxg5 14. hxg5 Nh3 15. Bxh3 Rxh3 16. Nc1 a5 17. Nd3 b6 18. Be3 Ba6 19. Nf2 Rh2 20. b3 Ke7 21. Ng4 Rh5 22. Qd2 Nc5 23. 0-0-0 Kd7 24. Rh1 Rxh1 25. Rxh1 Kc8 26. Kc2 Kb8 27. Bxc5 bxc5 28. Rh7 Qg8 29. Qh2 Ka7 30. Nf6 Qf8 31. Qd2 Bc8 32. Nb5+ Kb7 33. Qh2 a4 34. bxa4 Rxa4 35. Kd3 Bxf6 36. gxf6 Bd7 37. Nc3 Ra8 38. Rg7 Qe8 39. Qh7 1-0

[Event "Ramat Aviv 5th"]
[Site "Ramat Aviv"]
[Date "2002.12.27"]
[Round "4"]
[White "Botvinnik, Ilia"]
[Black "Rapoport, Igor"]
[Result "1/2-1/2"]
[WhiteElo "2431"]
[BlackElo "2301"]
[PlyCount "38"]
[EventDate "2002.12.24"]
[EventType "tourn"]
[EventRounds "11"]
[EventCountry "ISR"]
[EventCategory "2"]
[SourceTitle "EXT 2004"]
[Source "ChessBase"]
[SourceDate "2003.11.25"]
[SourceVersion "1"]
[SourceVersionDate "2003.11.25"]
[SourceQuality "1"]

1. e4 e5 2. Nf3 Nc6 3. Bb5 d6 4. c3 Bd7 5. d4 Nf6 6. Nbd2 Be7 7. 0-0 0-0 8. Bd3 exd4 9. cxd4 Nb4 10. Be2 d5 11. e5 Ne4 12. h3 Bf5 13. a3 Nc6 14. Qb3 Qd7 15. Re1 Rfe8 16. Bd3 Nxd2 17. Bxd2 Bxd3 18. Qxd3 Nd8 19. Rac1 Ne6 1/2-1/2

[Event "ISR-chT"]
[Site "Israel"]
[Date "2002.03.09"]
[Round "6"]
[White "Botvinnik, Ilia"]
[Black "Greenfeld, Alon"]
[Result "1/2-1/2"]
[WhiteElo "2443"]
[BlackElo "2574"]
[PlyCount "67"]
[EventDate "2002.01.10"]
[EventType "team"]
[EventRounds "11"]
[EventCountry "ISR"]
[SourceTitle "EXT 2003"]
[Source "ChessBase"]
[SourceDate "2002.11.25"]
[SourceVersion "1"]
[SourceVersionDate "2002.11.25"]
[SourceQuality "1"]

1. d4 Nf6 2. c4 g6 3. Nc3 d5 4. f3 c5 5. cxd5 Nxd5 6. Na4 Bg7 7. Nxc5 Nc6 8. Nb3 Nb6 9. e3 0-0 10. f4 Bf5 11. Bd2 Nd5 12. Nf3 Ncb4 13. Kf2 Bc2 14. Qe1 a5 15. Rc1 Rc8 16. Na1 Qb6 17. Bxb4 Nxb4 18. Nxc2 Nxc2 19. Qd2 Nxe3 20. Rxc8 Rxc8 21. Kxe3 e5 22. Nxe5 g5 23. g3 gxf4+ 24. gxf4 Bxe5 25. fxe5 Qh6+ 26. Ke2 Qh5+ 27. Kf2 Qf5+ 28. Kg1 Kh8 29. Qf2 Qg4+ 30. Qg3 Qe4 31. Qf2 Qg4+ 32. Qg3 Qxd4+ 33. Qf2 Qg4+ 34. Qg3 1/2-1/2

[Event "Herzliya"]
[Site "Herzliya"]
[Date "2000.09.06"]
[Round "1"]
[White "Wells, Peter K"]
[Black "Botvinnik, Ilia"]
[Result "1/2-1/2"]
[WhiteElo "2506"]
[BlackElo "2425"]
[PlyCount "59"]
[EventDate "2000.09.06"]
[EventType "tourn"]
[EventRounds "9"]
[EventCountry "ISR"]
[EventCategory "9"]
[SourceTitle "CBM 079"]
[Source "ChessBase"]
[SourceDate "2000.11.21"]
[SourceVersion "1"]
[SourceVersionDate "2000.11.21"]
[SourceQuality "1"]

1. d4 e6 2. c4 b6 3. e4 Bb7 4. Nc3 Bb4 5. f3 Ne7 6. Bd3 f5 7. Bg5 h6 8. Bh4 0-0 9. exf5 exf5 10. Nge2 Nbc6 11. 0-0 Bxc3 12. bxc3 Qe8 13. Re1 Qf7 14. Bg3 Na5 15. Bxc7 Nxc4 16. Ng3 Nb2 17. Qb3 Qxb3 18. axb3 Nd5 19. Bxf5 Nxc7 20. Ra2 Nd5 21. Rxb2 Nxc3 22. Bxd7 Kh8 23. Rc2 Rad8 24. Rxc3 Rxd7 25. Rd1 Rfd8 26. Kf2 a5 27. Ke3 Re8+ 28. Kf2 Red8 29. Ke3 Re8+ 30. Kf2 1/2-1/2

[Event "ISR-chT"]
[Site "Ramat Aviv"]
[Date "2000.05.12"]
[Round "11.3"]
[White "Lurie, Michael"]
[Black "Botvinnik, Ilia"]
[Result "0-1"]
[WhiteElo "2276"]
[BlackElo "2405"]
[PlyCount "60"]
[EventDate "2000.01.14"]
[EventType "team"]
[EventRounds "11"]
[EventCountry "ISR"]
[SourceTitle "CBM 077"]
[Source "ChessBase"]
[SourceDate "2000.07.27"]
[SourceVersion "1"]
[SourceVersionDate "2000.07.27"]
[SourceQuality "1"]
[WhiteTeam "Netanya"]
[BlackTeam "Tel Aviv Ironi"]
[WhiteTeamCountry "ISR"]
[BlackTeamCountry "ISR"]

1. e4 c5 2. Nf3 e6 3. d4 cxd4 4. Nxd4 a6 5. Bd3 Nf6 6. 0-0 e5 7. Nb3 d6 8. c4 Be7 9. Nc3 0-0 10. a4 a5 11. Bg5 Nc6 12. Bxf6 Bxf6 13. Nd5 Bg5 14. c5 dxc5 15. Nxc5 b6 16. Nb3 Ne7 17. Bc4 Bb7 18. Qd3 Nxd5 19. exd5 Qd6 20. Nc1 Rad8 21. Rd1 f5 22. Ne2 Kh8 23. Qa3 Qc7 24. b3 Be7 25. Qb2 Bc5 26. Qd2 Qe7 27. Qe1 Qh4 28. Ra2 Rd6 29. Ng3 Rh6 30. Qc3 f4 0-1

[Event "Tel Aviv int"]
[Site "Tel Aviv"]
[Date "2000.03.20"]
[Round "1"]
[White "Botvinnik, Ilia"]
[Black "Gershon, Alik"]
[Result "1/2-1/2"]
[WhiteElo "2405"]
[BlackElo "2471"]
[PlyCount "48"]
[EventDate "2000.03.??"]
[EventType "tourn"]
[EventRounds "9"]
[EventCountry "ISR"]
[EventCategory "9"]
[SourceTitle "CBM 077"]
[Source "ChessBase"]
[SourceDate "2000.07.27"]
[SourceVersion "1"]
[SourceVersionDate "2000.07.27"]
[SourceQuality "1"]

1. d4 Nf6 2. Nf3 e6 3. g3 b5 4. Qd3 a6 5. Bg5 Bb7 6. Nbd2 d5 7. Bg2 c5 8. c3 Nbd7 9. 0-0 Qb6 10. Bf4 Be7 11. Ne5 0-0 12. Ndf3 h6 13. g4 Nxe5 14. Nxe5 Rad8 15. Be3 Nd7 16. f4 Nxe5 17. fxe5 cxd4 18. cxd4 Rc8 19. Rfc1 Rc4 20. b3 Rxc1+ 21. Rxc1 Rc8 22. Rxc8+ Bxc8 23. Qc3 Bd7 24. b4 Qc6 1/2-1/2